|
|
|
|
| LEADER |
00000nam0a2200000 4500 |
| 001 |
66160 |
| 005 |
20231031071200.0 |
| 010 |
|
|
|a 5845909570
|
| 035 |
|
|
|a (RuTPU)RU\TPU\book\70261
|
| 090 |
|
|
|a 66160
|
| 100 |
|
|
|a 20040723d2006 m y0rusy50 ca
|
| 101 |
0 |
|
|a rus
|
| 102 |
|
|
|a RU
|
| 105 |
|
|
|a a j 001zy
|
| 200 |
1 |
|
|a Знакомьтесь Java
|e самоучитель
|f Е. Е. Аккуратов
|
| 210 |
|
|
|a Москва
|c Вильямс
|d 2006
|
| 215 |
|
|
|a 248 с.
|c ил.
|
| 320 |
|
|
|a Библиогр.: с. 243.
|
| 320 |
|
|
|a Предметный указатель: с. 244-247.
|
| 330 |
|
|
|a Эта книга задумана как пособие-самоучитель для начинающих изучать язык программирования Java 2, однако в ней есть сведения и о редакторе программ JBuilder 2005, а также о языке гипертекстовой разметки HTML и языке сценариев JavaScript, близком к Java 2. Здесь есть не только чисто теоретические сведения, но и много конкретных, живых примеров создания достаточно простых, но работающих программ. Следуя излагаемому материалу, любой начинающий программист сможет быстро научиться создавать свои собственные сайты в Интернет, помещать туда аплеты или же просто писать программы на языке Java.
|
| 610 |
1 |
|
|a языки программирования
|
| 610 |
1 |
|
|a самоучители
|
| 610 |
1 |
|
|a учебные пособия
|
| 610 |
1 |
|
|a Java 2
|
| 610 |
1 |
|
|a JBuilder
|
| 610 |
1 |
|
|a JavaScript
|
| 610 |
1 |
|
|a HTML
|
| 675 |
|
|
|a 681.3.06:800.92(075.4)
|v 3
|
| 700 |
|
1 |
|a Аккуратов
|b Е. Е.
|g Евгений Евгеньевич
|
| 801 |
|
1 |
|a RU
|b 63413507
|c 20040723
|g PSBO
|
| 801 |
|
2 |
|a RU
|b 63413507
|c 20170703
|g PSBO
|
| 942 |
|
|
|c BK
|